| 000 | 01001nam a22002657a 4500 | ||
|---|---|---|---|
| 003 | OSt | ||
| 005 | 20231004093342.0 | ||
| 008 | 221006b |||||||| |||| 00| 0 eng d | ||
| 040 | _cBiblioteca Lado V | ||
| 082 |
_a709.05 _bC955c |
||
| 100 |
_91137 _aCruickshank, Alan _eeditor |
||
| 245 |
_aContemporary Visual Arts+Culture/ _bBroadsheet/ |
||
| 260 |
_aAustralia _c2004 _bComtemporary Center S.A. |
||
| 300 |
_c27x30cm _a61p. |
||
| 366 | _eeng | ||
| 490 |
_v2004 _x0819677X |
||
| 505 |
_tCOLUMNS _aPASSAGES BOOKS PERFORMANCE FILM SLANT TOP TEN |
||
| 650 |
_2Tesauro de Arte & Arquitectura _aARTE COMTEMPORANEO _9703 |
||
| 650 |
_2Tesauro de Arte & Arquitectura _aFOTOGRAFIA _9702 |
||
| 650 |
_2Tesauro de Arte & Arquitectura _aARTE VISUAL _9702 |
||
| 650 |
_2Tesauro de Arte & Arquitectura _aCULTURA |
||
| 650 |
_2Tesauro de Arte & Arquitectura _aNOTICIAS |
||
| 650 |
_2 Tesauro de Arte & Arquitectura _aARTE INTERNACIONAL |
||
| 942 |
_2ddc _c1 _h709.05 _iC955c _n0 |
||
| 999 |
_c4441 _d4441 |
||